| 000 | 00713nam a2200217 a 4500 | ||
|---|---|---|---|
| 999 |
_c260 _d260 |
||
| 003 | BD-JhCC | ||
| 005 | 20190620134007.0 | ||
| 008 | 171003s1991 b |||| |||| 000 0 ben d | ||
| 020 | _a9844100321 | ||
| 035 | _a(BD-JhCC) | ||
| 040 |
_aBD-JhCC _dBD-JhCC |
||
| 041 | _aben | ||
| 082 |
_a891.443 _bISL 1991 |
||
| 100 | _aইসলাম, কাজী নজরুল | ||
| 245 |
_aমৃত্যুক্ষুধা / _cকাজী নজরুল ইসলাম |
||
| 260 |
_aঢাকা; _bমাওলা ব্রাদার্স _c১৯৯১ |
||
| 300 |
_a৮০ পৃ.; _c২২ সে.মি. |
||
| 650 | _aBengali Novel | ||
| 942 |
_2ddc _cBK _02 |
||